Jüngste Torschützen nach Land (Fußball-WM) - Statistiken

Allgemein
  • Dieses Quiz wurde 60 mal gespielt
  • Das Durchschnittsergebnis liegt bei 31 aus 77
Antwortstatistiken
Verband Spieler Alter WM Gegner Land % Korrekt
CONMEBOL Pelé 17 Jahre 238 Tage 1958 Wales Brasilien
100%
UEFA Michael Owen 18 Jahre 190 Tage 1998 Rumänien England
94%
UEFA Gavi 18 Jahre 110 Tage 2022 Costa Rica Spanien
94%
CONMEBOL Lionel Messi 18 Jahre 357 Tage 2006 Serbien-Montenegro Argentinien
92%
UEFA Kylian Mbappé 19 Jahre 183 Tage 2018 Argentinien Frankreich
84%
UEFA Divock Origi 19 Jahre 65 Tage 2010 Russland Belgien
80%
UEFA Dmitri Sytschow 18 Jahre 231 Tage 2002 Belgien Russland
76%
UEFA Robbie Keane 21 Jahre 332 Tage 2002 Deutschland Irland
71%
CONCACAF Alphonso Davies 22 Jahre 25 Tage 2022 Kroatien Kanada
69%
CONCACAF Julian Green 19 Jahre 25 Tage 2014 Belgien Vereinigte Staaten
69%
UEFA Joško Gvardiol 20 Jahre 328 Tage 2022 Marokko Kroatien
67%
UEFA Memphis Depay 20 Jahre 125 Tage 2014 Australien Niederlande
67%
AFC Park Ji-sung 21 Jahre 109 Tage 2002 Portugal Südkorea
67%
UEFA Michael Laudrup 21 Jahre 358 Tage 1986 Uruguay Dänemark
63%
CAF Youssef En-Nesyri 21 Jahre 24 Tage 2018 Spanien Marokko
63%
UEFA Gylfi Sigurðsson 28 Jahre 291 Tage 2018 Kroatien Island
57%
CONMEBOL Moisés Caicedo 21 Jahre 27 Tage 2022 Senegal Ecuador
55%
CONCACAF Manuel Rojas 18 Jahre 93 Tage 1930 Argentinien Mexiko
55%
UEFA Tomáš Rosický 25 Jahre 251 Tage 2006 Vereinigte Staaten Tschechien
55%
UEFA Strahinja Pavlović 21 Jahre 188 Tage 2022 Kamerun Serbien
53%
UEFA Emre Belözoğlu 21 Jahre 275 Tage 2002 Costa Rica Türkei
53%
UEFA Alfred Bickel 20 Jahre 28 Tage 1938 Deutschland Schweiz
51%
OFC Winston Reid 21 Jahre 347 Tage 2010 Slowakei Neuseeland
47%
CAF Moussa Wagué 19 Jahre 263 Tage 2018 Japan Senegal
47%
AFC Mehdi Mahdavikia 20 Jahre 332 Tage 1998 Vereinigte Staaten Iran
45%
UEFA Giacomo Bulgarelli 21 Jahre 226 Tage 1962 Schweiz Italien
45%
AFC Junichi Inamoto 22 Jahre 259 Tage 2002 Belgien Japan
45%
UEFA Vasilis Torosidis 25 Jahre 7 Tage 2010 Nigeria Griechenland
41%
AFC Pak Seung-zin 25 Jahre 185 Tage 1966 Chile Nordkorea
41%
UEFA Nicolae Kovacs 18 Jahre 197 Tage 1930 Peru Rumänien
39%
AFC Fahad Al-Ghesheyan 20 Jahre 336 Tage 1994 Schweden Saudi-Arabien
39%
UEFA Tomas Brolin 20 Jahre 193 Tage 1990 Brasilien Schweden
39%
CAF Benni McCarthy 20 Jahre 218 Tage 1998 Dänemark Südafrika
39%
UEFA Martin Hoffmann 19 Jahre 88 Tage 1974 Chile DDR
37%
UEFA Norman Whiteside 21 Jahre 27 Tage 1986 Algerien Nordirland
37%
UEFA Joe Jordan 22 Jahre 181 Tage 1974 Zaire Schottland
35%
UEFA Georgi Sokolow 19 Jahre 349 Tage 1962 Ungarn Bulgarien
33%
CONCACAF Rónald González 19 Jahre 319 Tage 1990 Tschechoslowakei Costa Rica
33%
CONMEBOL Teófilo Cubillas 21 Jahre 86 Tage 1970 Bulgarien Peru
33%
UEFA Anatoli Banischewski 20 Jahre 141 Tage 1966 Nordkorea Sowjetunion
33%
UEFA Andrij Russol 23 Jahre 154 Tage 2006 Saudi-Arabien Ukraine
33%
CONMEBOL Andrés Prieto 21 Jahre 195 Tage 1950 Vereinigte Staaten Chile
31%
UEFA Aleksandar Tirnanić 19 Jahre 238 Tage 1930 Brasilien Jugoslawien
31%
CAF Julius Aghahowa 20 Jahre 115 Tage 2002 Schweden Nigeria
31%
UEFA Tore André Flo 25 Jahre 8 Tage 1998 Brasilien Norwegen
31%
UEFA Edmund Conen 19 Jahre 198 Tage 1934 Belgien Deutschland
29%
AFC / OFC / UEFA Mordechai Spiegler 25 Jahre 291 Tage 1970 Schweden Israel
29%
CONMEBOL Daniel Fonseca 20 Jahre 281 Tage 1990 Südkorea Uruguay
29%
UEFA Miralem Pjanić 24 Jahre 84 Tage 2014 Iran Bosnien & Herzegowina
27%
CAF Bakari Koné 24 Jahre 272 Tage 2006 Niederlande Elfenbeinküste
27%
CONMEBOL Léider Preciado 21 Jahre 116 Tage 1998 Tunesien Kolumbien
27%
AFC Abdullah Al-Buloushi 21 Jahre 289 Tage 1982 Frankreich Kuwait
27%
CONMEBOL Cayetano Ré 20 Jahre 124 Tage 1958 Schottland Paraguay
27%
UEFA Kamil Kopúnek 26 Jahre 27 Tage 2010 Italien Slowakei
27%
CONMEBOL Erwin Sánchez 24 Jahre 251 Tage 1994 Spanien Bolivien
24%
CAF Haminu Dramani 20 Jahre 82 Tage 2006 Vereinigte Staaten Ghana
24%
AFC Ahmed Radhi 22 Jahre 48 Tage 1986 Belgien Irak
24%
CAF David Embé 20 Jahre 219 Tage 1994 Schweden Kamerun
24%
CAF Ali Kaabi 23 Jahre 4 Tage 2018 Belgien Tunesien
24%
UEFA Flórián Albert 20 Jahre 258 Tage 1962 England Ungarn
24%
AFC / OFC Brett Holman 26 Jahre 84 Tage 2010 Ghana Australien
22%
CONCACAF Theodore Whitmore 25 Jahre 325 Tage 1998 Japan Jamaika
22%
AFC Mohammed Muntari 29 Jahre 5 Tage 2022 Senegal Katar
22%
CONCACAF José Magriñá 20 Jahre 173 Tage 1938 Rumänien Kuba
22%
CONCACAF Felipe Baloy 27 Jahre 120 Tage 2018 England Panama
22%
UEFA Josef Bican 20 Jahre 244 Tage 1934 Nordirland Österreich
20%
UEFA Milenko Ačimovič 25 Jahre 117 Tage 2002 Paraguay Slowenien
20%
UEFA Zdeněk Zikán 20 Jahre 357 Tage 1958 Deutschland Tschechoslowakei
20%
UEFA Terry Medwin 25 Jahre 265 Tage 1958 Ungarn Wales
20%
CAF Abdulrahman Fawzi 24 Jahre 289 Tage 1934 Ungarn Ägypten
18%
CAF Lakhdar Belloumi 23 Jahre 169 Tage 1982 BRD Algerien
18%
AFC Ali Thani Jumaa 21 Jahre 304 Tage 1990 Jugoslawien Vereinigte Arabische Emirate
18%
CONCACAF Emmanuel Sanon 22 Jahre 355 Tage 1974 Italien Haiti
14%
CONCACAF Eduardo Laing 23 Jahre 176 Tage 1982 Nordirland Honduras
14%
CAF Flávio Amado 25 Jahre 173 Tage 2006 Iran Angola
12%
CONCACAF Luis Ramírez Zapata 28 Jahre 157 Tage 1982 Ungarn El Salvador
12%
CAF Mohamed Kader 27 Jahre 66 Tage 2006 Südkorea Togo
12%
Keine übereinstimmenden Quizze gefunden
Verteilung der Resultate
Anzahl Personen mit jedem Resultat
Perzentil nach korrekt beantworteten Fragen
Ihre Resultats-Entwicklung
Sie haben dieses Quiz noch nicht gespielt